000 01490ngm a22002770a 4500
001 PT35677
003 AR-LpoUNG
005 20210202000452.0
007 vd cvaizq
008 191001s2000||||ag |||||||||||||||||eng d
040 _aAR-LpoUNG
_bspa
_cAR-LpoUNG
_eaacr
041 _aeng
044 _aag
082 0 _a809.916 674paj
100 1 _aHitchcock, Alfred
_edir.
245 1 4 _aLos pájaros = The birds
260 _aSan Luis :
_bAVH - Planeta-DeAgostini,
_c2000.
300 _aVHS (119 min.) : son., col.
505 0 _aHecha en 1963. - Subtítilos en castellano. - Créditos: Guión: Evan Hunte; diseño de producción, Robert F. Boyle; efectos especiales, Larry Hampton; fotografía, Robert Burks. - Elenco: Rod Taylor, Jessica Tandy, Suzanne Pleshette, Tippi Hedren, Veronica Cartwright, Ethel Griffies, Charles McGraw, Ruth McDevitt, Lonny Chapman, Joe Mantell, Doodles Weaver, Malcolm Atterbury, John McGovern, Karl Swenson, Richard Deacon, Elizabeth Wilson, Bill Quinn, Doreen Lang.
520 _aMelanie Daniels conoce a Mitch Brenner en una pajarería de San Francisco, mientras éste buscaba una pareja de periquitos para un regalo. Ella decide darle una sopresa llevándole a su ciudad natal en Bodega Bay la pareja de periquitos que buscaba. Cuando llega al lugar, los pájaros de la zona comienzan a atacar sin razón aparente a los habitantes del lugar.
653 _aCINE
653 _aSUSPENSO
653 _aVIDEOS
905 _a35677
942 _cVIDEO
999 _c54917
_d54917